000 00510nam a2200169Ia 4500
005 20250923145734.0
008 008 250917s9999 xx 000 0 eng d
037 _aTextual
040 _aDSWL
_beng
_cDSWL
041 _aeng
_2eng
084 _aT:3(YX):g, N84
_qDSWL
245 0 _aEducation for social work practice : selected international models
_cEd. by C.Guzzetta
260 _aAustria
_bI.A.S.S.W.
_c1984
300 _a118p.
942 _cTEXL
_hT:3(YX):g, N84
999 _c1455051
_d1455051